00426pab a2200145 454500008004000000100002700040245006800067260000900135300001500144362000800159650003000167650002200197700002900219773003200248180718b2013 xxu||||| |||| 00| 0 eng d aAgrawal, Peeush Ranjan a20 years, on inception: FIIs' impact on Indian financial market c2013 ap.203-225. aOct aFinancial markets - India aFinancial markets aSrivastava, Rakesh Kumar aIndian Journal of Economics